000 00386nam a22001337a 4500
003 SGT
020 _a9788194860518
082 _a200
_bH21K
100 _aकुमार, अरविन्द
245 _a हिन्दू : धर्म संस्कार एवं संस्कृति
260 _bकिताबवाले
_c2021
300 _a376
942 _2ddc
_cBK
999 _c31688
_d31688